00330nam a2200109Ia 4500008004100000082001700041100002000058245002500078260003900103300000900142650006900151211119s9999||||xx |||||||||||||| ||und|| a294.5bGAN-E aGandhi, Mahatma 0aEnthanu Hindumatham? bMathrubhoomi Booksa2010cKottayam a96p. aReligionvReligion of Indic orginEconomicsxPGR-GANDHIAN STUDIES